000 02675nam0a2200349 4500
001 RU\NLR\BIBL_A\012850667
005 20260407013439.0
010 _a5-86532-036-X
_91000
021 _aRU
_b[97-50618]
035 _a(NLR Aleph) 012850667
090 _a12426223
_c12426223
100 _a20041129d1997 |||y0rusy50 ca
101 0 _arus
102 _aRU
105 _ay j||||||||
200 1 _aФедеральная государственная служба
_eкадровый состав, его профессиональное и должностное развитие
_eучебно-методическое пособие
_f[Абрамов В.Л., кандидат информационных наук, доцент, Вангниц Н.П., Граждан В.Д., доктор философских наук, профессор и др.
_gпод общим научным руководством доктора философских наук, академика Международной академии информатизации Лаптева И.Д. и доктора социологических наук, профессора Охотского Е.В.]
_gГосударственный комитет Российской Федерации по печати, Научно-исследовательский центр управления, экономики и информатики НИЦ "Экономика"
210 _aМосква
_cГП НИЦ "Экономика"
_d1997
215 _a255 с.
_d20
320 _aБиблиогр. в конце глав, в подстроч. примеч. и в тексте
606 1 _aГосударственная служба
_jРуководства, пособия и т.п.
_yРоссийская Федерация
_92077886
_3RU\NLR\AUTH\661253643
686 1 _aХ621.011-921я7
701 1 _8rus
_7ca
_aАбрамов
_bВ. Л.
_cд-р экон. наук
_gВалерий Леонидович
_3RU\NLR\AUTH\7719345
_92417
701 1 _aВангниц
_bН. П.
_gНиколай Павлович
701 1 _aГраждан
_bВ. Д.
_gВалерий Дмитриевич
702 1 _aЛаптев
_bИ. Д.
_f1934-
_gИван Дмитриевич
_4340
702 1 _4340
_8rus
_7ca
_aОхотский
_bЕ. В.
_gЕвгений Васильевич
_3RU\NLR\AUTH\776660
_9116609
712 0 2 _4475
_aНаучно-исследовательский центр управления, экономики и информатики
_cМосква
_3RU\NLR\AUTH\8810001501
_9500183
801 0 _aRU
_bNLR
_gpsbo
852 _aNLR
_j99-3/3910
942 _cBOOK
980 _aNB